| 000 | 00434nmm a2200145Ia 4500 | ||
|---|---|---|---|
| 008 | 251105s9999||||xx |||||||||||||||||und|| | ||
| 041 | _aspa | ||
| 100 | _aMaldonado, Ruben | ||
| 245 | 0 | _aQué es y para qué sirve la filosofía | |
| 264 |
_a[Bogotá, Colombia] : _bUniversidad del Norte, _c2012 |
||
| 300 | _a202 páginas | ||
| 650 | _aPhilosophy, Ethics | ||
| 856 | _uhttps://public.digitaliapublishing.com/a/21250 | ||
| 942 | _cCF | ||
| 999 |
_c104668 _d104668 |
||